Blackpink song A-Z - Statistiques

Statistiques générales
  • Ce quiz a été pris 1 226 fois
  • Le résultat moyen est 14 sur 18
Statistiques - réponses
Hint Réponse % Correct
K Kill this love / Kick it / Kiss and make up
91%
B Boombayah / Bet you wanna
90%
S Stay / See U later / Sour candy / So hot / Shut down / Solo
90%
P Playing with fire / Pretty savage / Pink venom
87%
L Lovesick girls / Love to hate me / Lalisa
86%
F Forever young / Flower
84%
A As if it's your last / All eyes on me
81%
H Hope not / How you like that / Hard to love
81%
T The girls / Typa girl / The happiest girl / Tally
77%
D DDU-DU DDU-DU / Don't know what to do
71%
M Money
71%
Y You never know / Yeah Yeah Yeah / You and me
71%
I Ice cream
69%
W Whistle
67%
C Crazy over you
65%
G Gone
63%
O On the ground
61%
R Really / Ready for love
61%
Aucun quiz correspondant
Distribution des résultats
% des personnes avec chaque résultat
Percentile par nombre de réponses
Votre historique - résultats
Vous n’avez pas pris ce quiz